Вычислительная гидродинамика и тепломассообмен (Запись № 13513937)
[ простой вид ]
| 000 -МАРКЕР | |
|---|---|
| контрольное поле | 02122nam0a2200385 4500 |
| 001 - ИДЕНТИФИКАТОР ЗАПИСИ | |
| контрольное поле | RU\NLR\BIBL_A\022643801 |
| 005 - ИДЕНТИФИКАТОР ВЕРСИИ | |
| контрольное поле | 20260118051932.0 |
| 010 ## - МЕЖДУНАРОДНЫЙ СТАНДАРТНЫЙ НОМЕР КНИГИ (ISBN) | |
| Номер (ISBN) | 978-5-507-52672-7 |
| Тираж | 30 |
| 035 ## - ДРУГИЕ СИСТЕМНЫЕ НОМЕРА | |
| Идентификатор записи | (NLR Aleph) 022643801 |
| 100 ## - ДАННЫЕ ОБЩЕЙ ОБРАБОТКИ | |
| Данные общей обработки | 20251014d2025 u y0rusy50 ca |
| 101 0# - ЯЗЫК РЕСУРСА | |
| Язык текста, звукозаписи и т.д. | русский |
| 102 ## - СТРАНА ПУБЛИКАЦИИ ИЛИ ПРОИЗВОДСТВА | |
| Страна публикации | российская федерация |
| 105 ## - ПОЛЕ КОДИРОВАННЫХ ДАННЫХ: ТЕКСТОВЫЕ МАТЕРИАЛЫ, МОНОГРАФИЧЕСКИЕ | |
| Кодированные данные о монографическом текстовом документе | a j 000yy |
| 181 #0 - ПОЛЕ КОДИРОВАННЫХ ДАННЫХ: ВИД СОДЕРЖАНИЯ | |
| Код вида содержания (ISBD) | i |
| Код характеристики содержания (ISBD) | axxe |
| 182 #0 - ПОЛЕ КОДИРОВАННЫХ ДАННЫХ: ТИП СРЕДСТВА | |
| Код типа средства (ISBD) | n - непосредственное |
| 200 1# - ЗАГЛАВИЕ И СВЕДЕНИЯ ОБ ОТВЕТСТВЕННОСТИ | |
| Основное заглавие | Вычислительная гидродинамика и тепломассообмен |
| Сведения, относящиеся к заглавию | введение в метод конечных разностей |
| -- | учебное пособие |
| -- | студентам, обучающимся по программам высшего образования |
| Первые сведения об ответственности | Р. Ш. Абиев |
| 203 ## - ВИД СОДЕРЖАНИЯ И ТИП СРЕДСТВА | |
| Вид содержания | Текст |
| Дополнительные сведения об издании | визуальный |
| Тип средства | непосредственный |
| 205 ## - СВЕДЕНИЯ ОБ ИЗДАНИИ | |
| Сведения об издании | 2-е изд., испр. и доп. |
| 210 ## - ПУБЛИКАЦИЯ, РАСПРОСТРАНЕНИЕ И ДР. | |
| Место издания, распространения и т.д. | Санкт-Петербург [и др.] |
| Имя издателя, распространителя и т. д. | Лань |
| Дата издания, распространения и т.д. | 2025 |
| 215 ## - ФИЗИЧЕСКАЯ ХАРАКТЕРИСТИКА | |
| Специфическое обозначение материала и объем | 448 с. |
| Другие сведения о физической характеристике | ил., цв. ил., табл. |
| Размеры | 24 |
| 225 1# - СЕРИЯ | |
| Основное заглавие серии | Высшее образование |
| 313 ## - ПРИМЕЧАНИЯ, ОТНОСЯЩИЕСЯ К ТЕМАТИЧЕСКОМУ ДОСТУПУ | |
| Текст примечания | Изд. 2002 г. |
| 320 ## - ПРИМЕЧАНИЯ О НАЛИЧИИ В ДОКУМЕНТЕ БИБЛИОГРАФИИ / УКАЗАТЕЛЯ | |
| Текст примечания | Библиогр.: с. 446-448 (43 назв.) |
| 606 1# - НАИМЕНОВАНИЕ ТЕМЫ КАК ПРЕДМЕТ | |
| Наименование темы | Гидродинамика |
| Формальный подзаголовок | Учебные издания для высших учебных заведений |
| Тематический подзаголовок | Задачи |
| -- | Решение |
| -- | Конечных разностей метод |
| Системный номер авторитетной/нормативной записи | 2307665 |
| Идентификатор авторитетной/нормативной записи | RU\NLR\auth\661381253 |
| 606 1# - НАИМЕНОВАНИЕ ТЕМЫ КАК ПРЕДМЕТ | |
| Наименование темы | Массообмен |
| Формальный подзаголовок | Учебные издания для высших учебных заведений |
| Тематический подзаголовок | Задачи |
| -- | Решение |
| -- | Конечных разностей метод |
| Системный номер авторитетной/нормативной записи | 2307632 |
| Идентификатор авторитетной/нормативной записи | RU\NLR\AUTH\661381237 |
| 606 1# - НАИМЕНОВАНИЕ ТЕМЫ КАК ПРЕДМЕТ | |
| Наименование темы | Теплообмен |
| Формальный подзаголовок | Учебные издания для высших учебных заведений |
| Тематический подзаголовок | Задачи |
| -- | Решение |
| -- | Конечных разностей метод |
| Системный номер авторитетной/нормативной записи | 2307636 |
| Идентификатор авторитетной/нормативной записи | RU\NLR\AUTH\661381238 |
| 686 1# - ИНДЕКСЫ ДРУГИХ КЛАССИФИКАЦИЙ | |
| Индекс | В253.31с115я73-1 |
| 686 1# - ИНДЕКСЫ ДРУГИХ КЛАССИФИКАЦИЙ | |
| Индекс | Л113-1с11я73-1 |
| 686 1# - ИНДЕКСЫ ДРУГИХ КЛАССИФИКАЦИЙ | |
| Индекс | З312с11я73-1 |
| 700 #1 - ИМЯ ЛИЦА - ПЕРВИЧНАЯ ОТВЕТСТВЕННОСТЬ | |
| Начальный элемент ввода | Абиев |
| Часть имени, кроме начального элемента ввода | Р. Ш. |
| Расширение инициалов личного имени | Руфат Шовкетович |
| 942 ## - ДОПОЛНИТЕЛЬНЫЕ ЭЛЕМЕНТЫ ЗАПИСИ (АБИС) | |
| Тип экземпляра АБИС | Книга |
| 980 ## - КОЛЛЕКЦИЯ | |
| Название коллекции | Национальная библиография |
Нет доступных экземпляров.